LEADER 01105nam a2200229 i 4500 001 000000203320 003 CaOOAMICUS 005 20110623000000.0 008 110623s1946 it u000 u ita u 013 $a182032 040 $aSeMil$bita 100 1 $aMesse, Giovanni .$0(OLS)http://semarc/name/73420 245 10$aCome fině la guerra in Africa :$bLa «Prima Armata» italiana in Tunisia /$cMaresciallo Giovanni Messe. 260 $aMilano :$bRizzoli,$c1946. 300 $a238 p. :$bill. ;$c21 cm. 490 0 $aLa Seconda Guerra Mondiale : Collezione di memorie, diari e studi ;$v6. 650 4$aEsercito italiano - Guerra mondiale 1939-1945 - Tunisia - Diari e memorie.$0(OLS)http://semarc/subject/38289 830 3$aLa Seconda Guerra Mondiale ;$v6.$0(OLS)http://semarc/title/33803 850 $aSeMil 852 $aSeMil$W1$xVenegono$y1$m3U II 233$j153816$B153816$CSeMilBibl$Z2$F164631 $81 996 $6245$aCome fině la guerra in Africa :$bLa «Prima Armata» italiana in Tunisia$9(OLS)http://semarc/title/294396 996 $6260$aMilano :$bRizzoli$9(OLS)http://semarc/publisher/29824 LEADER 01037nam a2200277 i 4500 001 000000082942 003 CaOOAMICUS 005 20180525000000.0 008 180525s2016 it u000 u ita u 013 $a55182 020 $a978-88-8419-814-3 040 $aSeMil$bita 100 1 $aCavalli, Ennio <1947- >.$0(OLS)http://semarc/name/92045 245 10$aVangelo di legno verde /$cEnnio Cavalli. 260 $aTorino :$bNino Aragno,$ccopyr. 2016. 300 $a168 p. ;$c21 cm. 490 0 $aLicenze poetiche 500 $aIn preliminari : Dedica. - Dono del Card. Angelo Scola. 830 0$aLicenze poetiche.$0(OLS)http://semarc/title/26782 850 $aSeMil 852 $aSeMil$W1$xVenegono$y1$m1A II 200$j47677$B47677$CSeMilBibl$Z2$F50541 $81 941 1 $a6 961 $aOmaggio: Scola Card. Angelo 996 $6020$a978-88-8419-814-3$9(OLS)http://semarc/number/271464 996 $6245$aVangelo di legno verde$9(OLS)http://semarc/title/405305 996 $6260$aTorino :$bNino Aragno$9(OLS)http://semarc/publisher/32366